Aktuálne problémy podnikovej sféry 2018 zborník vedeckých prác
Uložené v:
| Korporativný autor: | |
|---|---|
| Ďalší autori: | , , , |
| Médium: | Kniha |
| Jazyk: | Slovak Czech English German |
| Vydavateľské údaje: |
Bratislava
Vydavateľstvo EKONÓM
2018
|
| Vydanie: | 1. vydanie |
| Predmet: | |
| Tagy: |
Žiadne tagy, Buďte prvý, kto otaguje tento záznam!
|
MARC
| LEADER | 00000nlm a2200000 4500 | ||
|---|---|---|---|
| 001 | 0249564 | ||
| 005 | 20240513113133.2 | ||
| 020 | |a 978-80-225-4536-5 | ||
| 041 | 0 | |a slo | |
| 041 | 0 | |a cze | |
| 041 | 0 | |a eng | |
| 041 | 0 | |a ger | |
| 044 | |a SK | ||
| 245 | 1 | 0 | |a Aktuálne problémy podnikovej sféry 2018 |b zborník vedeckých prác |c Štefan Majtán a kolektív ; redakčné a zostaviteľské práce: Miroslav Uhliar, Jakub Kintler |
| 250 | |a 1. vydanie | ||
| 264 | 1 | |a Bratislava |b Vydavateľstvo EKONÓM |c 2018 | |
| 300 | |a online 1125 s. [56,20 AH] | ||
| 610 | 2 | 0 | |a podnikanie |
| 610 | 2 | 0 | |a prostredie podnikateľské |
| 610 | 2 | 0 | |a podnik rodinný |
| 610 | 2 | 0 | |a manažéri |
| 610 | 2 | 0 | |a ženy |
| 610 | 2 | 0 | |a konkurencia |
| 610 | 2 | 0 | |a výskum |
| 610 | 2 | 0 | |a inovácia |
| 610 | 2 | 0 | |a digitalizácia |
| 610 | 2 | 0 | |a služby finančné |
| 610 | 2 | 0 | |a závierka účtovná |
| 610 | 2 | 0 | |a kapitál ľudský |
| 610 | 2 | 0 | |a zamestnanosť |
| 610 | 2 | 0 | |a dane |
| 610 | 2 | 0 | |a mikroekonomika |
| 610 | 2 | 0 | |a stabilita hospodárstva |
| 610 | 2 | 0 | |a korupcia |
| 610 | 2 | 0 | |a priemysel |
| 610 | 2 | 0 | |a robotizácia |
| 610 | 2 | 0 | |a agropotravinárstvo |
| 610 | 2 | 0 | |a projekty |
| 610 | 2 | 0 | |a komunikácia marketingová |
| 610 | 2 | 0 | |a riadenie rizík |
| 610 | 2 | 0 | |a poisťovne |
| 610 | 2 | 0 | |a podnik súkromný |
| 610 | 2 | 0 | |a podnik verejný |
| 610 | 2 | 0 | |a spotrebitelia |
| 610 | 2 | 0 | |a Slovensko |
| 610 | 2 | 0 | |a Česko |
| 610 | 2 | 0 | |a Poľsko |
| 700 | 1 | |a Uhliar, Miroslav, 1981- | |
| 700 | 1 | |a Kintler, Jakub, 1979- | |
| 700 | 1 | |a Fetisovová, Elena | |
| 700 | 1 | |a Tršťanská, Alena | |
| 710 | 2 | |a Fakulta podnikového manažmentu EU. Katedra podnikovohospodárska | |